• 首页
  • 本馆介绍
  • 公告通知
  • 最新文献
  • 馆藏检索
  • 电子资源
  • 读者导购
  • 参考咨询
  • 我的图书馆
  • 登录
  • 详细信息显示
  • 放入我的书架
  • 预约/预借图书
  • 作者相关作品
  • 分类相关作品
  • 丛书相关作品
  • 出版社相关作品

书目信息

  • 表格格式
  • 工作单格式
  • 卡片格式
题名:
中国青年党
    
 
作者: 李义彬 编
分册:  
出版信息: 北京   中国社会科学出版社  1982
页数: 343页
开本: 19cm
丛书名: 中华民国史资料丛书
单 册:
中图分类: D693.74
科图分类:
主题词:
电子资源:
ISBN:
000 00683nam2 2200253 45
001 0182008742
005 20060816163607.95
010    @dCNY1.10
091    @aCN@b11190.079
100    @a19950613d1982 em y0chiy0121 ea
101 0  @achi
102    @aCN@b110000
105    @ay z 000yy
200 10 @a中国青年党@Azhong guo qing nian dang@f李义彬编
210    @a北京@c中国社会科学出版社@d1982
215    @a343页@d19cm
225 2  @a中华民国史资料丛书
410  0 @120010@a中华民国史资料丛书
601 02 @a中国青年党@y中国@z民国@x史料
690    @aD693.74@v3
701  0 @a李义彬@Ali yi bin@4编
801  2 @aCN@bNLC@c20060816
801  0 @aCN@bTSSF
905    @a10447@dD693.74@e105
    
    中国青年党/李义彬编.-北京:中国社会科学出版社,1982
    343页;19cm.-(中华民国史资料丛书)
    
    
    ISBN :CNY1.10
    
●
相关链接 在E读中查询图书 在五车中查询图书 在当当中查询图书 在豆瓣中查询图书


正题名:中国青年党     索取号:D693.74/105         预约/预借

序号 登录号 条形码 馆藏地/架位号 状态 备注
1 0465037   204650378   密集书库/ [索取号:D693.74/105] 在馆    
唐山师范学院图书馆 欢迎您!
大连网信软件有限公司© 版权所有